Regierungsbezirke in Bayern - Statistiken

Allgemein
  • Dieses Quiz wurde 445 mal gespielt
  • Das Durchschnittsergebnis liegt bei 7 aus 7
Antwortstatistiken
Regierungssitz Regierungsbezirk % Korrekt
Bayreuth Oberfranken
97%
München Oberbayern
96%
Landshut Niederbayern
95%
Würzburg Unterfranken
95%
Augsburg Schwaben
94%
Ansbach Mittelfranken
90%
Regensburg Oberpfalz
88%
Keine übereinstimmenden Quizze gefunden
Verteilung der Resultate
Anzahl Personen mit jedem Resultat
Perzentil nach korrekt beantworteten Fragen
Ihre Resultats-Entwicklung
Sie haben dieses Quiz noch nicht gespielt